000 00543nam a22002297a 4500
003 UA-OsUOA
001 312
007 ta
008 20050525b un ||||| |||| 00| 0 ukr d
100 _aДжованьйолі
090 _a821.161
_bД42
942 _cBK
040 _aUA-OsUOA
_bukr
_cUA-OsUOA
_dUA-OsUOA
245 _aСпартак
300 _a418 с.
955 _a3
041 _aukr
080 _a821.161
260 _aК.
650 7 _a82 Література. Літературознавство
_2UDC
999 _c286474
_d286474